Ancient Greek Words - Statistics

General Stats
  • This quiz has been taken 29 times
  • The average score is 5 of 12
Answer Stats
Ancient Greek English % Correct
ὑπνος Sleep
73%
λιθος Stone
62%
ὀλιγοι Few
54%
ἀγρος Field
54%
ἀλλος Other
54%
μονος Alone
46%
ἀνεμος, Wind
42%
οἰνος Wine
35%
ἑκαστος Each
23%
καλλιστος Finest/Most Beautiful
15%
ἑτοιμος Ready
15%
μωρος Foolish
4%
No matching quizzes found
Score Distribution
Percent of People with Each Score
Percentile by Number Answered
Your Score History
You have not taken this quiz